000 00262nam a2200109Ia 4500
008 240625s9999 xx 000 0 und d
041 _aeng
082 _a658.05195 BLA
100 _aBLACK KEN
245 _aAPPLIED BUSINESS STATISTICS MAKING BETTE
260 _c2012
999 _c40313
_d40313